[Event "DEM U10 2023"]
[Site "Willingen GER"]
[Date "2023.05.31"]
[Round "7"]
[White "Pawlak, Antoni"]
[Black "Pradeep, Harshill"]
[Result "0-1"]
[Termination "normal"]
[Board "10"]
[WhiteElo "1323"]
[BlackElo "1482"]
[WhiteClock "00:31:19"]
[BlackClock "01:24:00"]
[PlyCount "110"]
[WhiteFideId "34605460"]
[BlackFideId "34629513"]
[EventCountry "GER"]
[EventRounds "11"]
[EventType "swiss"]
[EventDate "2023.05.27"]

1. e4 {[%clk 01:15:58]} {[%emt 00:00:01]} e5 {[%clk 01:15:55]} {[%emt
00:00:05]} 2. Nf3 {[%clk 01:16:21]} {[%emt 00:00:06]} Nc6 {[%clk 01:16:20]}
{[%emt 00:00:06]} 3. Bc4 {[%clk 01:16:46]} {[%emt 00:00:06]} Bc5 {[%clk
01:16:35]} {[%emt 00:00:13]} 4. c3 {[%clk 01:17:10]} {[%emt 00:00:08]} Nf6
{[%clk 01:16:58]} {[%emt 00:00:06]} 5. d4 {[%clk 01:17:26]} {[%emt 00:00:14]}
exd4 {[%clk 01:17:21]} {[%emt 00:00:08]} 6. cxd4 {[%clk 01:17:49]} {[%emt
00:00:07]} Bb4+ {[%clk 01:17:43]} {[%emt 00:00:08]} 7. Bd2 {[%clk 01:18:12]}
{[%emt 00:00:07]} Bxd2+ {[%clk 01:18:04]} {[%emt 00:00:09]} 8. Nbxd2 {[%clk
01:18:36]} {[%emt 00:00:06]} d5 {[%clk 01:18:21]} {[%emt 00:00:12]} 9. exd5
{[%clk 01:18:54]} {[%emt 00:00:12]} Nxd5 {[%clk 01:18:46]} {[%emt 00:00:05]}
10. Qb3 {[%clk 01:19:17]} {[%emt 00:00:08]} Na5 {[%clk 01:19:06]} {[%emt
00:00:10]} 11. Qa4+ {[%clk 01:19:40]} {[%emt 00:00:07]} Nc6 {[%clk 01:19:30]}
{[%emt 00:00:06]} 12. O-O {[%clk 01:19:41]} {[%emt 00:00:28]} O-O {[%clk
01:19:51]} {[%emt 00:00:09]} 13. Rfe1 {[%clk 01:15:12]} {[%emt 00:04:59]} Nb6
{[%clk 01:20:06]} {[%emt 00:00:15]} 14. Qc2 {[%clk 01:11:44]} {[%emt 00:03:58]}
Nxc4 {[%clk 01:19:52]} {[%emt 00:00:45]} 15. Qxc4 {[%clk 01:11:33]} {[%emt
00:00:41]} Be6 {[%clk 01:19:38]} {[%emt 00:00:42]} 16. Qc3 {[%clk 01:06:52]}
{[%emt 00:05:12]} Qf6 {[%clk 01:19:08]} {[%emt 00:00:59]} 17. Ne4 {[%clk
01:04:24]} {[%emt 00:02:59]} Qg6 {[%clk 01:19:08]} {[%emt 00:00:30]} 18. Rad1
{[%clk 00:59:48]} {[%emt 00:05:06]} Rad8 {[%clk 01:18:08]} {[%emt 00:01:30]}
19. Rd2 {[%clk 00:45:56]} {[%emt 00:14:21]} Bd5 {[%clk 01:17:03]} {[%emt
00:01:36]} 20. Nc5 {[%clk 00:36:00]} {[%emt 00:10:26]} Bxf3 {[%clk 01:17:18]}
{[%emt 00:00:16]} 21. Qxf3 {[%clk 00:36:23]} {[%emt 00:00:07]} Nxd4 {[%clk
01:17:36]} {[%emt 00:00:12]} 22. Qc3 {[%clk 00:35:08]} {[%emt 00:01:44]} Nf3+
{[%clk 01:17:19]} {[%emt 00:00:48]} 23. Qxf3 {[%clk 00:35:14]} {[%emt
00:00:24]} Rxd2 {[%clk 01:17:46]} {[%emt 00:00:03]} 24. Qxb7 {[%clk 00:34:12]}
{[%emt 00:01:31]} Qb6 {[%emt 00:01:27]} 25. Qxb6 {[%clk 00:31:12]} {[%emt
00:03:29]} axb6 {[%clk 01:16:59]} {[%emt 00:00:21]} 26. Na6 {[%clk 00:31:09]}
{[%emt 00:00:33]} Rfd8 {[%clk 01:16:10]} {[%emt 00:01:19]} 27. Nxc7 {[%clk
00:31:11]} {[%emt 00:00:29]} Rd1 {[%clk 01:16:07]} {[%emt 00:00:32]} 28. Kf1
{[%clk 00:31:29]} {[%emt 00:00:13]} Rxe1+ {[%clk 01:16:30]} {[%emt 00:00:07]}
29. Kxe1 {[%clk 00:31:52]} {[%emt 00:00:07]} Rc8 {[%clk 01:16:55]} {[%emt
00:00:05]} 30. Nd5 {[%clk 00:31:54]} {[%emt 00:00:27]} Rc2 {[%clk 01:17:18]}
{[%emt 00:00:07]} 31. Nxb6 {[%clk 00:32:09]} {[%emt 00:00:15]} Rxb2 {[%clk
01:17:43]} {[%emt 00:00:05]} 32. Nd5 {[%clk 00:32:27]} {[%emt 00:00:12]} Rxa2
{[%clk 01:18:09]} {[%emt 00:00:05]} 33. g4 {[%clk 00:31:34]} {[%emt 00:01:22]}
f6 {[%clk 01:18:20]} {[%emt 00:00:20]} 34. h4 {[%clk 00:31:54]} {[%emt
00:00:09]} Kf7 {[%clk 01:18:45]} {[%emt 00:00:06]} 35. Nc7 {[%clk 00:31:14]}
{[%emt 00:01:10]} Ra4 {[%clk 01:19:00]} {[%emt 00:00:14]} 36. f3 {[%clk
00:31:37]} {[%emt 00:00:07]} f5 {[%clk 01:19:10]} {[%emt 00:00:20]} 37. g5
{[%clk 00:30:48]} {[%emt 00:01:19]} Rxh4 {[%clk 01:19:30]} {[%emt 00:00:09]}
38. Kf2 {[%clk 00:31:12]} {[%emt 00:00:06]} Rc4 {[%clk 01:19:47]} {[%emt
00:00:14]} 39. Nd5 {[%clk 00:31:29]} {[%emt 00:00:13]} Rc5 {[%clk 01:19:58]}
{[%emt 00:00:18]} 40. Nf4 {[%clk 00:31:40]} {[%emt 00:00:20]} h6 {[%clk
01:20:06]} {[%emt 00:00:22]} 41. g6+ {[%clk 00:31:56]} {[%emt 00:00:14]} Kf6
{[%clk 01:20:31]} {[%emt 00:00:05]} 42. Kg3 {[%clk 00:32:14]} {[%emt 00:00:12]}
Rc4 {[%clk 01:20:36]} {[%emt 00:00:23]} 43. Nd3 {[%clk 00:32:06]} {[%emt
00:00:41]} Rd4 {[%clk 01:20:30]} {[%emt 00:00:35]} 44. Nf4 {[%clk 00:31:59]}
{[%emt 00:00:37]} Ra4 {[%clk 01:20:51]} {[%emt 00:00:10]} 45. Nd5+ {[%clk
00:30:15]} {[%emt 00:02:13]} Kxg6 {[%clk 01:21:07]} {[%emt 00:00:14]} 46. Nf4+
{[%clk 00:29:28]} {[%emt 00:01:18]} Kh7 {[%clk 01:21:20]} {[%emt 00:00:16]} 47.
Nd5 {[%clk 00:29:43]} {[%emt 00:00:15]} g5 {[%clk 01:21:36]} {[%emt 00:00:14]}
48. Ne7 {[%clk 00:30:02]} {[%emt 00:00:11]} f4+ {[%clk 01:21:55]} {[%emt
00:00:11]} 49. Kg4 {[%clk 00:30:20]} {[%emt 00:00:13]} Ra7 {[%clk 01:22:12]}
{[%emt 00:00:12]} 50. Nd5 {[%clk 00:30:28]} {[%emt 00:00:23]} Kg6 {[%clk
01:22:24]} {[%emt 00:00:17]} 51. Nc3 {[%clk 00:30:37]} {[%emt 00:00:22]} h5+
{[%clk 01:22:48]} {[%emt 00:00:05]} 52. Kh3 {[%clk 00:30:59]} {[%emt 00:00:09]}
Kf5 {[%clk 01:23:00]} {[%emt 00:00:16]} 53. Ne2 {[%clk 00:31:16]} {[%emt
00:00:14]} g4+ {[%clk 01:23:21]} {[%emt 00:00:09]} 54. fxg4+ {[%clk 00:31:39]}
{[%emt 00:00:07]} hxg4+ {[%clk 01:23:39]} {[%emt 00:00:12]} 55. Kh4 {[%clk
00:31:19]} {[%emt 00:00:51]} Rh7+ {[%clk 01:24:00]} 0-1

[Event "DEM U10 2023"]
[Site "Willingen GER"]
[Date "2023.05.31"]
[Round "7"]
[White "Teng, David"]
[Black "Brückner, Julian"]
[Result "1-0"]
[Termination "normal"]
[Board "11"]
[WhiteElo "1554"]
[BlackElo "1681"]
[WhiteClock "00:12:44"]
[BlackClock "00:11:06"]
[PlyCount "85"]
[WhiteFideId "34604570"]
[BlackFideId "34630031"]
[EventCountry "GER"]
[EventRounds "11"]
[EventType "swiss"]
[EventDate "2023.05.27"]

1. e4 {[%clk 01:15:59]} e5 {[%clk 01:15:51]} {[%emt 00:00:10]} 2. Nf3 {[%clk
01:16:23]} {[%emt 00:00:06]} Nc6 {[%clk 01:16:12]} {[%emt 00:00:08]} 3. Bb5
{[%clk 01:16:43]} {[%emt 00:00:10]} a6 {[%clk 01:16:24]} {[%emt 00:00:18]} 4.
Ba4 {[%clk 01:17:00]} {[%emt 00:00:14]} b5 {[%clk 01:16:43]} {[%emt 00:00:10]}
5. Bb3 {[%clk 01:17:21]} {[%emt 00:00:09]} Nf6 {[%clk 01:16:55]} {[%emt
00:00:17]} 6. O-O {[%clk 01:17:11]} {[%emt 00:00:41]} Bc5 {[%clk 01:16:31]}
{[%emt 00:00:54]} 7. c3 {[%clk 01:13:20]} {[%emt 00:04:21]} d6 {[%clk
01:13:20]} {[%emt 00:03:41]} 8. d3 {[%clk 01:11:35]} {[%emt 00:02:15]} O-O
{[%clk 01:08:33]} {[%emt 00:05:16]} 9. h3 {[%clk 01:10:47]} {[%emt 00:01:19]}
Be6 {[%clk 01:02:41]} {[%emt 00:06:22]} 10. Bc2 {[%clk 01:10:17]} {[%emt
00:00:59]} Ba7 {[%clk 01:00:30]} {[%emt 00:02:40]} 11. Nbd2 {[%clk 01:09:59]}
{[%emt 00:00:49]} Ne7 {[%clk 00:55:32]} {[%emt 00:05:28]} 12. Re1 {[%clk
01:09:19]} {[%emt 00:01:11]} Ng6 {[%clk 00:54:28]} {[%emt 00:01:33]} 13. Nf1
{[%clk 01:08:27]} {[%emt 00:01:22]} c5 {[%clk 00:47:40]} {[%emt 00:07:19]} 14.
Ng3 {[%clk 01:07:42]} {[%emt 00:01:15]} Qc7 {[%clk 00:43:12]} {[%emt 00:04:58]}
15. Nh2 {[%clk 01:01:15]} {[%emt 00:06:56]} c4 {[%clk 00:39:59]} {[%emt
00:03:43]} 16. Be3 {[%clk 00:57:37]} {[%emt 00:04:08]} Bxe3 {[%clk 00:38:54]}
{[%emt 00:01:35]} 17. Rxe3 {[%clk 00:56:10]} {[%emt 00:01:57]} cxd3 {[%clk
00:38:50]} {[%emt 00:00:35]} 18. Rxd3 {[%clk 00:53:59]} {[%emt 00:02:40]} d5
{[%clk 00:37:49]} {[%emt 00:01:31]} 19. exd5 {[%clk 00:52:41]} {[%emt
00:01:48]} Nxd5 {[%clk 00:36:48]} {[%emt 00:01:30]} 20. Rxd5 {[%clk 00:52:03]}
{[%emt 00:01:09]} Bxd5 {[%clk 00:36:55]} {[%emt 00:00:24]} 21. Qxd5 {[%clk
00:52:07]} {[%emt 00:00:26]} Rad8 {[%clk 00:35:38]} {[%emt 00:01:46]} 22. Qb3
{[%clk 00:43:55]} {[%emt 00:08:42]} Nf4 {[%clk 00:34:05]} {[%emt 00:02:02]} 23.
Be4 {[%clk 00:40:25]} {[%emt 00:04:01]} Rd2 {[%clk 00:27:44]} {[%emt 00:06:49]}
24. Nhf1 {[%clk 00:38:58]} {[%emt 00:02:00]} Rd6 {[%clk 00:25:31]} {[%emt
00:02:41]} 25. Qc2 {[%clk 00:33:42]} {[%emt 00:05:48]} g6 {[%clk 00:24:06]}
{[%emt 00:01:54]} 26. Ne2 {[%clk 00:30:42]} {[%emt 00:03:30]} Ne6 {[%clk
00:22:41]} {[%emt 00:01:56]} 27. Ne3 {[%clk 00:27:34]} {[%emt 00:03:38]} f5
{[%clk 00:20:53]} {[%emt 00:02:17]} 28. Bd5 {[%clk 00:27:34]} {[%emt 00:00:30]}
f4 {[%clk 00:19:45]} {[%emt 00:01:39]} 29. Bxe6+ {[%clk 00:26:56]} {[%emt
00:01:08]} Rxe6 {[%clk 00:19:11]} {[%emt 00:01:03]} 30. Qb3 {[%clk 00:24:42]}
{[%emt 00:02:45]} Qf7 {[%clk 00:17:07]} {[%emt 00:02:34]} 31. Ng4 {[%clk
00:23:49]} {[%emt 00:01:23]} Kg7 {[%clk 00:15:57]} {[%emt 00:01:40]} 32. Re1
{[%clk 00:21:18]} {[%emt 00:03:00]} h5 {[%clk 00:15:17]} {[%emt 00:01:11]} 33.
Nh2 {[%clk 00:18:51]} {[%emt 00:02:57]} Qf5 {[%clk 00:13:47]} {[%emt 00:02:00]}
34. Nd4 {[%emt 00:03:11]} exd4 {[%clk 00:12:13]} {[%emt 00:02:01]} 35. Qxe6
{[%clk 00:15:53]} {[%emt 00:00:49]} Qd3 {[%clk 00:11:22]} {[%emt 00:01:20]} 36.
Qe5+ {[%clk 00:15:25]} {[%emt 00:00:59]} Kg8 {[%clk 00:10:56]} {[%emt
00:00:55]} 37. Qd5+ {[%clk 00:14:49]} {[%emt 00:01:08]} Kh7 {[%clk 00:11:06]}
{[%emt 00:00:20]} 38. Qxd4 {[%clk 00:14:11]} {[%emt 00:01:07]} Qf5 {[%clk
00:11:00]} {[%emt 00:00:35]} 39. Nf3 {[%clk 00:14:07]} {[%emt 00:00:34]} Kh6
{[%clk 00:10:45]} {[%emt 00:00:46]} 40. Re7 {[%clk 00:13:41]} {[%emt 00:00:56]}
Rg8 {[%clk 00:10:42]} {[%emt 00:00:31]} 41. Qa7 {[%clk 00:13:01]} {[%emt
00:01:13]} Rh8 {[%clk 00:10:46]} {[%emt 00:00:25]} 42. Qd4 {[%clk 00:12:49]}
{[%emt 00:00:42]} Rg8 {[%clk 00:11:06]} {[%emt 00:00:10]} 43. Qd7 {[%clk
00:12:44]} {[%emt 00:00:35]} 1-0

[Event "DEM U10 2023"]
[Site "Willingen GER"]
[Date "2023.05.31"]
[Round "7"]
[White "Aguike, Toshiya"]
[Black "Wagener, Nicolas"]
[Result "1-0"]
[Termination "normal"]
[Board "12"]
[WhiteElo "1490"]
[BlackElo "1506"]
[WhiteClock "01:12:09"]
[BlackClock "01:02:52"]
[PlyCount "75"]
[WhiteFideId "34611347"]
[BlackFideId "34607935"]
[EventCountry "GER"]
[EventRounds "11"]
[EventType "swiss"]
[EventDate "2023.05.27"]

1. e4 {[%clk 01:15:53]} {[%emt 00:00:06]} c5 {[%clk 01:15:51]} {[%emt
00:00:10]} 2. Nf3 {[%clk 01:16:17]} {[%emt 00:00:05]} e6 {[%clk 01:16:15]}
{[%emt 00:00:07]} 3. d4 {[%clk 01:16:26]} {[%emt 00:00:20]} cxd4 {[%clk
01:16:38]} {[%emt 00:00:07]} 4. Nxd4 {[%clk 01:16:50]} {[%emt 00:00:07]} Nf6
{[%clk 01:17:02]} {[%emt 00:00:06]} 5. Bd3 {[%clk 01:17:11]} {[%emt 00:00:08]}
a6 {[%clk 01:14:57]} {[%emt 00:02:36]} 6. O-O {[%clk 01:17:32]} {[%emt
00:00:09]} Qc7 {[%clk 01:15:13]} {[%emt 00:00:14]} 7. Qe2 {[%clk 01:17:51]}
{[%emt 00:00:10]} d6 {[%clk 01:15:38]} {[%emt 00:00:06]} 8. f4 {[%clk
01:17:48]} {[%emt 00:00:32]} Nbd7 {[%clk 01:13:26]} {[%emt 00:02:42]} 9. Kh1
{[%clk 01:18:05]} {[%emt 00:00:14]} Be7 {[%clk 01:13:17]} {[%emt 00:00:39]} 10.
Nc3 {[%clk 01:18:23]} {[%emt 00:00:11]} b5 {[%clk 01:12:33]} {[%emt 00:01:15]}
11. a3 {[%clk 01:17:00]} {[%emt 00:01:53]} Bb7 {[%clk 01:12:45]} {[%emt
00:00:18]} 12. Bd2 {[%clk 01:17:12]} {[%emt 00:00:15]} O-O {[%clk 01:12:41]}
{[%emt 00:00:37]} 13. Rae1 {[%clk 01:17:31]} {[%emt 00:00:11]} Nc5 {[%clk
01:12:16]} {[%emt 00:00:55]} 14. e5 {[%clk 01:16:50]} {[%emt 00:01:11]} Nd5
{[%clk 01:11:35]} {[%emt 00:01:10]} 15. Qg4 {[%clk 01:10:29]} {[%emt 00:06:44]}
Nxc3 {[%clk 01:07:56]} {[%emt 00:04:18]} 16. Bxc3 {[%clk 01:10:23]} {[%emt
00:00:36]} Na4 {[%clk 01:07:41]} {[%emt 00:00:45]} 17. exd6 {[%clk 01:10:17]}
{[%emt 00:00:35]} Bxd6 {[%clk 01:05:32]} {[%emt 00:02:39]} 18. Nxb5 {[%clk
01:10:10]} {[%emt 00:00:37]} f5 {[%clk 01:04:44]} {[%emt 00:01:18]} 19. Nxc7
{[%clk 01:10:32]} {[%emt 00:00:08]} fxg4 {[%clk 01:05:04]} {[%emt 00:00:10]}
20. Nxa8 {[%clk 01:10:46]} {[%emt 00:00:15]} Nxc3 {[%clk 01:04:51]} {[%emt
00:00:44]} 21. bxc3 {[%clk 01:10:36]} {[%emt 00:00:39]} Bxa8 {[%clk 01:05:11]}
{[%emt 00:00:11]} 22. Rxe6 {[%clk 01:10:51]} {[%emt 00:00:15]} Bb8 {[%clk
01:04:34]} {[%emt 00:01:07]} 23. Be4 {[%clk 01:10:40]} {[%emt 00:00:41]} Bxe4
{[%clk 01:04:58]} {[%emt 00:00:06]} 24. Rxe4 {[%clk 01:11:02]} {[%emt
00:00:08]} g5 {[%clk 01:04:52]} {[%emt 00:00:36]} 25. f5 {[%clk 01:11:26]}
{[%emt 00:00:06]} h5 {[%clk 01:04:29]} {[%emt 00:00:53]} 26. g3 {[%clk
01:11:15]} {[%emt 00:00:42]} Kf7 {[%clk 01:04:11]} {[%emt 00:00:47]} 27. Re6
{[%clk 01:11:22]} {[%emt 00:00:22]} h4 {[%clk 01:03:53]} {[%emt 00:00:50]} 28.
gxh4 {[%clk 01:11:05]} {[%emt 00:00:47]} Rd8 {[%clk 01:03:51]} {[%emt
00:00:30]} 29. hxg5 {[%clk 01:11:00]} {[%emt 00:00:35]} Rd2 {[%clk 01:04:07]}
{[%emt 00:00:15]} 30. g6+ {[%clk 01:11:25]} {[%emt 00:00:06]} Kg7 {[%clk
01:04:24]} {[%emt 00:00:12]} 31. f6+ {[%clk 01:11:29]} {[%emt 00:00:26]} Kh6
{[%clk 01:02:05]} {[%emt 00:02:49]} 32. f7 {[%clk 01:11:29]} {[%emt 00:00:30]}
Rxh2+ {[%clk 01:01:55]} {[%emt 00:00:41]} 33. Kg1 {[%clk 01:11:48]} {[%emt
00:00:11]} g3 {[%clk 01:01:36]} {[%emt 00:00:48]} 34. f8=Q+ {[%clk 01:12:04]}
{[%emt 00:00:14]} Kg5 {[%clk 01:02:01]} {[%emt 00:00:05]} 35. Qe7+ {[%clk
01:11:58]} {[%emt 00:00:36]} Kg4 {[%emt 00:00:10]} 36. Re4+ {[%clk 01:12:09]}
{[%emt 00:00:16]} Kh5 {[%clk 01:02:27]} {[%emt 00:00:26]} 37. Rf5+ {[%clk
01:12:09]} {[%emt 00:00:30]} Kh6 {[%clk 01:02:52]} {[%emt 00:00:06]} 38. Qh7#
{[%emt 00:00:11]} 1-0

[Event "DEM U10 2023"]
[Site "Willingen GER"]
[Date "2023.05.31"]
[Round "7"]
[White "Lange, Fynn Jeremy"]
[Black "Cremann, Jannis"]
[Result "1-0"]
[Termination "normal"]
[Board "14"]
[WhiteElo "1616"]
[BlackElo "1324"]
[WhiteClock "00:18:54"]
[BlackClock "00:48:14"]
[PlyCount "81"]
[WhiteFideId "34616365"]
[BlackFideId "34660178"]
[EventCountry "GER"]
[EventRounds "11"]
[EventType "swiss"]
[EventDate "2023.05.27"]

1. c4 {[%clk 01:15:50]} {[%emt 00:00:09]} e5 {[%clk 01:15:48]} {[%emt
00:00:12]} 2. g3 {[%clk 01:15:29]} {[%emt 00:00:52]} Nc6 {[%clk 01:15:29]}
{[%emt 00:00:49]} 3. Bg2 {[%clk 01:15:25]} {[%emt 00:00:33]} g6 {[%clk
01:15:03]} {[%emt 00:00:56]} 4. Nc3 {[%clk 01:14:20]} {[%emt 00:01:36]} f5
{[%clk 01:14:48]} {[%emt 00:00:45]} 5. e3 {[%clk 01:12:27]} {[%emt 00:02:21]}
Bg7 {[%clk 01:13:18]} {[%emt 00:02:02]} 6. Nge2 {[%clk 01:11:41]} {[%emt
00:01:14]} Nge7 {[%clk 01:12:17]} {[%emt 00:01:33]} 7. O-O {[%clk 01:09:30]}
{[%emt 00:02:41]} O-O {[%clk 01:11:29]} {[%emt 00:01:19]} 8. b3 {[%clk
01:07:51]} {[%emt 00:02:08]} d6 {[%clk 01:09:00]} {[%emt 00:02:59]} 9. Bb2
{[%clk 01:07:05]} {[%emt 00:01:12]} Be6 {[%clk 01:07:51]} {[%emt 00:01:43]} 10.
Nd5 {[%clk 00:59:08]} {[%emt 00:08:27]} Rc8 {[%clk 01:06:47]} {[%emt 00:01:34]}
11. Nec3 {[%clk 00:55:48]} {[%emt 00:03:50]} a6 {[%clk 01:03:14]} {[%emt
00:04:03]} 12. Qc2 {[%clk 00:53:52]} {[%emt 00:02:20]} Qe8 {[%clk 00:58:21]}
{[%emt 00:05:30]} 13. Rad1 {[%clk 00:48:56]} {[%emt 00:05:25]} Nxd5 {[%clk
00:57:31]} {[%emt 00:01:21]} 14. cxd5 {[%clk 00:48:22]} {[%emt 00:01:03]} Nb4
{[%clk 00:55:29]} {[%emt 00:02:33]} 15. Qb1 {[%clk 00:48:16]} {[%emt 00:00:36]}
Bd7 {[%clk 00:54:35]} {[%emt 00:01:23]} 16. a3 {[%clk 00:47:53]} {[%emt
00:00:54]} f4 {[%clk 00:54:41]} {[%emt 00:00:24]} 17. axb4 {[%clk 00:47:38]}
{[%emt 00:00:45]} f3 {[%clk 00:54:35]} {[%emt 00:00:35]} 18. Bh1 {[%clk
00:47:54]} {[%emt 00:00:14]} Bh3 {[%clk 00:54:26]} {[%emt 00:00:39]} 19. Rfe1
{[%clk 00:48:18]} {[%emt 00:00:06]} Qf7 {[%clk 00:54:25]} {[%emt 00:00:31]} 20.
Qd3 {[%clk 00:45:10]} {[%emt 00:03:38]} Bf5 {[%clk 00:53:06]} {[%emt 00:01:50]}
21. e4 {[%clk 00:45:18]} {[%emt 00:00:21]} Bg4 {[%clk 00:52:52]} {[%emt
00:00:43]} 22. Rc1 {[%clk 00:40:45]} {[%emt 00:05:04]} h5 {[%clk 00:52:59]}
{[%emt 00:00:24]} 23. Nd1 {[%clk 00:39:44]} {[%emt 00:01:30]} h4 {[%clk
00:52:29]} {[%emt 00:01:01]} 24. Ne3 {[%clk 00:39:00]} {[%emt 00:01:13]} Bh3
{[%clk 00:52:25]} {[%emt 00:00:35]} 25. Rc3 {[%clk 00:37:12]} {[%emt 00:02:18]}
hxg3 {[%clk 00:52:17]} {[%emt 00:00:38]} 26. hxg3 {[%clk 00:37:29]} {[%emt
00:00:13]} Qe7 {[%clk 00:52:12]} {[%emt 00:00:35]} 27. Nf1 {[%clk 00:35:41]}
{[%emt 00:02:17]} Qg5 {[%clk 00:50:25]} {[%emt 00:02:17]} 28. Qe3 {[%clk
00:31:07]} {[%emt 00:05:05]} Qe7 {[%clk 00:50:14]} {[%emt 00:00:42]} 29. Bxf3
{[%clk 00:28:44]} {[%emt 00:02:52]} Qd7 {[%clk 00:50:05]} {[%emt 00:00:39]} 30.
Bg2 {[%clk 00:28:33]} {[%emt 00:00:40]} Bxg2 {[%emt 00:00:49]} 31. Kxg2 {[%clk
00:28:54]} {[%emt 00:00:01]} Kf7 {[%clk 00:50:05]} {[%emt 00:00:20]} 32. Kf3
{[%clk 00:26:33]} {[%emt 00:02:49]} Ke7+ {[%clk 00:49:48]} {[%emt 00:00:49]}
33. Ke2 {[%clk 00:26:45]} {[%emt 00:00:17]} Qg4+ {[%clk 00:50:04]} {[%emt
00:00:15]} 34. f3 {[%clk 00:26:28]} {[%emt 00:00:46]} Qh3 {[%clk 00:50:10]}
{[%emt 00:00:24]} 35. Qf2 {[%clk 00:24:13]} {[%emt 00:02:43]} Rh8 {[%clk
00:49:11]} {[%emt 00:01:31]} 36. Kd1 {[%clk 00:23:49]} {[%emt 00:00:55]} Qd7
{[%emt 00:01:44]} 37. Ne3 {[%clk 00:21:33]} {[%emt 00:01:40]} Qb5 {[%clk
00:49:01]} {[%emt 00:00:31]} 38. Rc4 {[%clk 00:20:31]} {[%emt 00:01:33]} a5
{[%clk 00:49:01]} {[%emt 00:00:30]} 39. Kc2 {[%clk 00:18:50]} {[%emt 00:02:10]}
Ra8 {[%clk 00:48:47]} {[%emt 00:00:45]} 40. Rxc7+ {[%clk 00:18:55]} {[%emt
00:00:25]} Kf8 {[%clk 00:48:14]} {[%emt 00:01:02]} 41. f4 {[%clk 00:18:54]}
{[%emt 00:00:29]} 1-0

[Event "DEM U10 2023"]
[Site "Willingen GER"]
[Date "2023.05.31"]
[Round "7"]
[White "Hagn, Tobias"]
[Black "Pflugbeil, Julian"]
[Result "1-0"]
[Termination "normal"]
[Board "15"]
[WhiteElo "1609"]
[BlackElo "1242"]
[WhiteClock "00:25:41"]
[BlackClock "01:08:48"]
[PlyCount "51"]
[WhiteFideId "34623728"]
[BlackFideId "34608850"]
[EventCountry "GER"]
[EventRounds "11"]
[EventType "swiss"]
[EventDate "2023.05.27"]

1. e4 {[%clk 01:15:52]} {[%emt 00:00:08]} d6 {[%clk 01:15:58]} {[%emt
00:00:03]} 2. d4 {[%clk 01:16:03]} {[%emt 00:00:19]} Nf6 {[%clk 01:16:21]}
{[%emt 00:00:05]} 3. Nc3 {[%clk 01:16:06]} {[%emt 00:00:27]} g6 {[%clk
01:16:46]} {[%emt 00:00:05]} 4. Be3 {[%clk 01:15:29]} {[%emt 00:01:08]} Bg7
{[%clk 01:17:09]} {[%emt 00:00:07]} 5. Qd2 {[%clk 01:15:11]} {[%emt 00:00:46]}
Ng4 {[%clk 01:17:35]} {[%emt 00:00:05]} 6. Bg5 {[%clk 01:15:17]} {[%emt
00:00:24]} h6 {[%clk 01:16:53]} {[%emt 00:01:13]} 7. Bh4 {[%clk 01:15:15]}
{[%emt 00:00:29]} g5 {[%clk 01:17:02]} {[%emt 00:00:24]} 8. Bg3 {[%clk
01:15:00]} {[%emt 00:00:43]} f5 {[%clk 01:17:10]} {[%emt 00:00:23]} 9. f3
{[%clk 01:10:21]} {[%emt 00:05:09]} Nf6 {[%clk 01:17:31]} {[%emt 00:00:08]} 10.
O-O-O {[%clk 01:07:09]} {[%emt 00:03:42]} c6 {[%clk 01:16:08]} {[%emt
00:01:54]} 11. Bc4 {[%clk 00:58:22]} {[%emt 00:09:17]} b5 {[%clk 01:15:29]}
{[%emt 00:01:10]} 12. Bb3 {[%clk 00:56:08]} {[%emt 00:02:44]} a5 {[%clk
01:15:50]} {[%emt 00:00:09]} 13. a4 {[%clk 00:54:31]} {[%emt 00:02:07]} b4
{[%clk 01:16:16]} {[%emt 00:00:04]} 14. Nce2 {[%clk 00:52:08]} {[%emt
00:02:52]} Na6 {[%clk 01:15:53]} {[%emt 00:00:53]} 15. Qd3 {[%clk 00:41:19]}
{[%emt 00:11:18]} f4 {[%clk 01:12:18]} {[%emt 00:04:06]} 16. Bf2 {[%clk
00:40:42]} {[%emt 00:01:06]} Rf8 {[%clk 01:09:49]} {[%emt 00:02:59]} 17. e5
{[%clk 00:38:51]} {[%emt 00:02:21]} Nd5 {[%clk 01:10:15]} {[%emt 00:00:04]} 18.
Qg6+ {[%clk 00:38:34]} {[%emt 00:00:46]} Rf7 {[%clk 01:10:36]} {[%emt
00:00:10]} 19. e6 {[%clk 00:38:39]} {[%emt 00:00:24]} Bxe6 {[%clk 01:10:41]}
{[%emt 00:00:26]} 20. Qxe6 {[%clk 00:38:51]} {[%emt 00:00:17]} Nac7 {[%clk
01:11:03]} {[%emt 00:00:09]} 21. Qg6 {[%clk 00:38:17]} {[%emt 00:01:04]} Qd7
{[%clk 01:10:08]} {[%emt 00:01:25]} 22. h4 {[%clk 00:31:29]} {[%emt 00:07:19]}
Ne6 {[%clk 01:10:11]} {[%emt 00:00:27]} 23. hxg5 {[%clk 00:28:31]} {[%emt
00:03:28]} Nf8 {[%clk 01:09:38]} {[%emt 00:01:03]} 24. Qd3 {[%clk 00:26:49]}
{[%emt 00:02:11]} hxg5 {[%clk 01:09:50]} {[%emt 00:00:18]} 25. Nh3 {[%clk
00:26:03]} {[%emt 00:01:16]} Bh6 {[%clk 01:08:48]} {[%emt 00:01:33]} 26. Nhxf4
{[%clk 00:25:41]} {[%emt 00:00:52]} 1-0